NFL MVP's - Statistics

General Stats
  • This quiz has been taken 23 times
  • The average score is 34 of 62
Answer Stats
Hint Answer % Correct
2013 Peyton Manning
100%
2009 Peyton Manning
100%
2008 Peyton Manning
100%
2004 Peyton Manning
100%
2003 Peyton Manning
100%
2010 Tom Brady
100%
2007 Tom Brady
100%
1993 Emmitt Smith
78%
1990 Joe Montana
78%
1989 Joe Montana
78%
2014 Aaron Rodgers
74%
2011 Aaron Rodgers
74%
1997 Brett Favre
74%
1996 Brett Favre
74%
1995 Brett Favre
74%
1984 Dan Marino
74%
2012 Adrian Peterson
70%
1965 Jim Brown
70%
1958 Jim Brown
70%
1957 Jim Brown
70%
1967 Johnny Unitas
70%
1959 Johnny Unitas
70%
2016 Matt Ryan
70%
1994 Steve Young
70%
1992 Steve Young
70%
1978 Terry Bradshaw
70%
1997 Barry Sanders
65%
2015 Cam Newton
65%
1972 Larry Brown
65%
1962 Jim Taylor
61%
2001 Kurt Warner
61%
1999 Kurt Warner
61%
2006 LaDainian Tomlinson
61%
1966 Bart Starr
57%
1987 John Elway
57%
2005 Shaun Alexander
52%
1983 Joe Theisman
48%
2000 Marshall Faulk
48%
2003 Steve McNair
48%
1991 Thurman Thomas
48%
1974 Ken Stabler
43%
1998 Terrell Davis
43%
1971 Alan Page
35%
1979 Earl Campbell
35%
1975 Fran Tarkenton
35%
1973 O.J. Simpson
35%
1981 Ken Anderson
30%
1985 Marcus Allen
30%
2002 Rich Gannon
30%
1976 Bert Jones
26%
1988 Boomer Esiason
26%
1980 Brain Sipe
22%
1961 Paul Hornung
22%
1963 Y.A. Tittle
22%
1968 Earl Morrall
17%
1970 John Brodie
17%
1982 Mark Moseley
17%
1960 Norm Van Brocklin
17%
1969 Roman Gabriel
17%
1977 Walter Peyton
13%
1964 Johnny Unitas
0%
1986 Laurence Taylor
0%
No matching quizzes found
Score Distribution
Percent of People with Each Score
Percentile by Number Answered
Your Score History
You have not taken this quiz